[Event "FBL S"]
[Site "?"]
[Date "2018.11.17"]
[Round "3.3"]
[White "Braun, Kristin"]
[Black "Siegl, Melina"]
[Result "1/2-1/2"]
[WhiteElo "1909"]
[BlackElo "2004"]
[PlyCount "33"]
[EventDate "2018.10.27"]
[EventType "team-tourn"]
[EventCountry "GER"]
[WhiteTeam "Augsburg SG"]
[BlackTeam "Stuttgart SV Wolfbusch"]
[WhiteTeamCountry "GER"]
[BlackTeamCountry "GER"]

1. d4 Nf6 2. c4 g6 3. Nc3 Bg7 4. Nf3 O-O 5. e4 d6 6. Be2 Nc6 7. d5 Ne5 8. Nxe5
dxe5 9. O-O e6 10. dxe6 Bxe6 11. Qxd8 Rfxd8 12. Bg5 c6 13. f3 h6 14. Be3 b6 15.
b3 Bf8 16. Rfd1 Nd7 17. Rac1 1/2-1/2

[Event "FBL S"]
[Site "?"]
[Date "2018.11.17"]
[Round "3.4"]
[White "Ley, Sabrina"]
[Black "Nentwig, Nicole"]
[Result "1/2-1/2"]
[WhiteElo "1861"]
[BlackElo "1850"]
[PlyCount "144"]
[EventDate "2018.10.27"]
[EventType "team-tourn"]
[EventCountry "GER"]
[WhiteTeam "Stuttgart SV Wolfbusch"]
[BlackTeam "Augsburg SG"]
[WhiteTeamCountry "GER"]
[BlackTeamCountry "GER"]

1. e4 c5 2. Nc3 Nc6 3. Bb5 a6 4. Bxc6 bxc6 5. d3 d5 6. f4 e6 7. Nf3 Bd6 8. O-O
Ne7 9. Qe1 O-O 10. Kh1 Ng6 11. e5 Bb8 12. Na4 Ba7 13. b3 a5 14. Qd2 f6 15. Ba3
fxe5 16. Nxe5 Nxe5 17. fxe5 Rf5 18. Rxf5 exf5 19. Bxc5 Bxc5 20. Nxc5 d4 21. Re1
Qd5 22. Na4 Rb8 23. Qf4 Be6 24. Nb2 h6 25. Qf3 g5 26. Qxd5 Bxd5 27. a4 Kf7 28.
Kg1 Kg6 29. Nc4 Bxc4 30. dxc4 Kf7 31. e6+ Kf6 32. c5 Re8 33. Rd1 Ke5 34. Re1+
Kf6 35. Rd1 Ke5 36. Re1+ Kd5 37. e7 Kxc5 38. Re5+ Kb4 39. Kf2 d3 40. cxd3 Kxb3
41. Rxa5 Rxe7 42. Rc5 Kxa4 43. Rxc6 h5 44. Rc5 Rf7 45. d4 Kb4 46. Ke2 Rf8 47.
Kd3 Rf7 48. Rc4+ Kb5 49. Rc5+ Kb4 50. Rc4+ Kb5 51. d5 f4 52. Rc2 Re7 53. Kd4
Kb6 54. d6 Re1 55. Kd5 Rd1+ 56. Ke6 g4 57. d7 h4 58. Ke7 Re1+ 59. Kf6 Rd1 60.
Kg5 Rxd7 61. Kxg4 Rf7 62. h3 Kb7 63. Rf2 Kc6 64. Kxh4 Kd5 65. Kg4 Ke4 66. h4
Rg7+ 67. Kh3 Rg3+ 68. Kh2 Rg4 69. Kh3 Rg3+ 70. Kh2 Rg4 71. Re2+ Kf5 72. Kh3
Rg3+ 1/2-1/2

[Event "FBL S"]
[Site "?"]
[Date "2018.11.17"]
[Round "3.5"]
[White "Lorenz, Oda"]
[Black "Kobald, Jacqueline"]
[Result "1/2-1/2"]
[WhiteElo "1818"]
[BlackElo "1911"]
[PlyCount "111"]
[EventDate "2018.10.27"]
[EventType "team-tourn"]
[EventCountry "GER"]
[WhiteTeam "Augsburg SG"]
[BlackTeam "Stuttgart SV Wolfbusch"]
[WhiteTeamCountry "GER"]
[BlackTeamCountry "GER"]

1. e4 c5 2. d4 cxd4 3. c3 Nf6 4. e5 Nd5 5. cxd4 b6 6. Nf3 e6 7. a3 Be7 8. Bd3
Ba6 9. O-O O-O 10. Bxa6 Nxa6 11. Qd3 Nb8 12. Nc3 Nxc3 13. Qxc3 Na6 14. Bf4 Nc7
15. Rac1 Nd5 16. Qd2 b5 17. Bg5 f6 18. Bh4 Qb6 19. Rc2 Rfc8 20. Rfc1 Qb7 21. h3
b4 22. exf6 gxf6 23. Rxc8+ Rxc8 24. Rxc8+ Qxc8 25. axb4 Bxb4 26. Qh6 Be7 27.
Qh5 Qc1+ 28. Kh2 Bd6+ 29. Bg3 Bxg3+ 30. fxg3 Qc8 31. Nd2 Qf8 32. Ne4 Qf7 33.
Qg4+ Qg6 34. Qxg6+ hxg6 35. Nc5 Nb6 36. g4 Kf7 37. Kg3 a5 38. h4 Nc4 39. Na4 e5
40. dxe5 fxe5 41. Kf3 d5 42. h5 gxh5 43. gxh5 Kf6 44. g4 Kg5 45. Ke2 d4 46. b3
Ne3 47. Nc5 Nxg4 48. Nb7 e4 49. Nxa5 Kxh5 50. b4 Kg5 51. b5 Nf6 52. b6 Nd7 53.
b7 Kf4 54. Nb3 d3+ 55. Kd2 Nb8 56. Nc1 1/2-1/2

[Event "FBL S"]
[Site "?"]
[Date "2018.11.17"]
[Round "3.6"]
[White "Djalalova, Nigora"]
[Black "Muench, Ursula"]
[Result "0-1"]
[WhiteElo "1958"]
[BlackElo "1766"]
[PlyCount "102"]
[EventDate "2018.10.27"]
[EventType "team-tourn"]
[EventCountry "GER"]
[WhiteTeam "Stuttgart SV Wolfbusch"]
[BlackTeam "Augsburg SG"]
[WhiteTeamCountry "GER"]
[BlackTeamCountry "GER"]

1. d4 Nf6 2. c4 g6 3. Nc3 Bg7 4. e4 O-O 5. Bg5 d6 6. Qd2 Nbd7 7. Nge2 e5 8. d5
b6 9. Ng3 Bb7 10. Be2 Qc8 11. h4 h5 12. Bh6 Kh7 13. Bxg7 Kxg7 14. Qg5 Rh8 15.
O-O-O Qd8 16. Rdf1 a6 17. Kb1 Kf8 18. f3 Nh7 19. Qe3 Nhf6 20. Rf2 Bc8 21. Nf1
a5 22. g4 Nc5 23. g5 Nfd7 24. Nd2 Kg7 25. Rhf1 Rf8 26. f4 exf4 27. Rxf4 Ne5 28.
Qd4 Kg8 29. Nd1 Bh3 30. Rg1 Qe7 31. Nf2 Bd7 32. Rf1 Rab8 33. Nb3 Nb7 34. Nd3
Nxd3 35. Bxd3 a4 36. Nd2 Nc5 37. Bc2 b5 38. a3 b4 39. axb4 Rxb4 40. e5 Qxe5 41.
Qxe5 dxe5 42. Rf6 Rfb8 43. Rxf7 Rxb2+ 44. Kc1 Bf5 45. R7xf5 gxf5 46. Rxf5 a3
47. Rf3 a2 48. Ra3 e4 49. Nb3 R8xb3 50. Bxb3 Nd3+ 51. Kd1 Rb1+ 0-1

[Event "FBL S"]
[Site "?"]
[Date "2018.11.17"]
[Round "3.1"]
[White "Palkova, Katerina"]
[Black "Troyke, Doreen"]
[Result "1-0"]
[WhiteElo "2030"]
[BlackElo "2069"]
[PlyCount "75"]
[EventDate "2018.10.27"]
[EventType "team-tourn"]
[EventCountry "GER"]
[WhiteTeam "Regensburg SC Bavaria"]
[BlackTeam "Erfurt SV Medizin"]
[WhiteTeamCountry "GER"]
[BlackTeamCountry "GER"]

1. e4 c5 2. Nf3 Nc6 3. c3 Nf6 4. e5 Nd5 5. d4 cxd4 6. cxd4 g6 7. Nc3 Nxc3 8.
bxc3 Bg7 9. Bd3 O-O 10. Bf4 d6 11. exd6 exd6 12. O-O d5 13. Qd2 Bg4 14. Be2 Re8
15. h3 Bf5 16. Rfe1 Rc8 17. Qb2 Qd7 18. Bb5 Rxe1+ 19. Rxe1 a6 20. Ba4 b5 21.
Bd1 Re8 22. Rxe8+ Qxe8 23. a4 Bd3 24. Qd2 Bc4 25. Bh6 Qe7 26. Qf4 b4 27. cxb4
Qxb4 28. Kh2 Bxh6 29. Qxh6 Qd6+ 30. g3 Qf6 31. Qe3 Kg7 32. Ne5 Nxe5 33. dxe5
Qf5 34. Bg4 Qd3 35. Qa7 h5 36. e6 hxg4 37. Qxf7+ Kh6 38. e7 1-0

[Event "FBL S"]
[Site "?"]
[Date "2018.11.17"]
[Round "3.3"]
[White "Pavlov, Liliane"]
[Black "Mueller Ludwig, Kristin"]
[Result "0-1"]
[WhiteElo "1728"]
[BlackElo "2007"]
[PlyCount "88"]
[EventDate "2018.10.27"]
[EventType "team-tourn"]
[EventCountry "GER"]
[WhiteTeam "Regensburg SC Bavaria"]
[BlackTeam "Erfurt SV Medizin"]
[WhiteTeamCountry "GER"]
[BlackTeamCountry "GER"]

1. d4 Nf6 2. Nc3 d5 3. Bg5 Nbd7 4. e3 e6 5. a3 c5 6. Nf3 a6 7. Be2 Be7 8. O-O
O-O 9. Re1 b5 10. dxc5 Nxc5 11. Nd4 Bb7 12. f3 Qc7 13. Bh4 Bd6 14. f4 Be7 15.
Bg3 Nfe4 16. Nxe4 Nxe4 17. Bf2 Bc5 18. c3 e5 19. fxe5 Qxe5 20. g3 Rfe8 21. Bf3
Rad8 22. Qc2 Qf6 23. Bg2 Bc8 24. Rf1 Qh6 25. Rae1 Rd6 26. Bxe4 Rxe4 27. Kh1 Bh3
28. Rg1 Qf6 29. Qe2 Bxd4 30. cxd4 Bg4 31. Qf1 Bf3+ 32. Rg2 Rc6 33. Rc1 Ree6 34.
Kg1 Rxc1 35. Qxc1 Rc6 36. Qd2 Qf5 37. Kf1 Qb1+ 38. Be1 Bxg2+ 39. Qxg2 Qd3+ 40.
Qe2 Qe4 41. Kg1 Rc2 42. Bd2 Rxb2 43. Qe1 Rb1 44. Bc1 Qc2 0-1

[Event "FBL S"]
[Site "?"]
[Date "2018.11.17"]
[Round "3.4"]
[White "Reuter, Elisa"]
[Black "Hofmann, Karina"]
[Result "0-1"]
[WhiteElo "1853"]
[BlackElo "1626"]
[PlyCount "68"]
[EventDate "2018.10.27"]
[EventType "team-tourn"]
[EventCountry "GER"]
[WhiteTeam "Erfurt SV Medizin"]
[BlackTeam "Regensburg SC Bavaria"]
[WhiteTeamCountry "GER"]
[BlackTeamCountry "GER"]

1. e4 b6 2. d4 Bb7 3. Bd3 e6 4. Nf3 Ne7 5. c4 Ng6 6. Nc3 Bb4 7. Qc2 Nc6 8. a3
Bxc3+ 9. Qxc3 O-O 10. O-O Nce7 11. Ne1 d6 12. f4 f5 13. e5 Qd7 14. Be2 Rfd8 15.
Be3 Rac8 16. Rd1 Qa4 17. Rd2 Be4 18. Bf3 d5 19. c5 Nc6 20. Bd1 Qa6 21. b4 bxc5
22. bxc5 Rb8 23. Ra2 Rb1 24. Qd2 Rdb8 25. Nf3 Na5 26. Qf2 Bd3 27. Re1 Nc4 28.
Nd2 R8b2 29. Rxb2 Rxb2 30. a4 Qa5 31. Nxc4 dxc4 32. Be2 Qxa4 33. Bc1 Rc2 34.
Qf1 Qa2 0-1

[Event "FBL S"]
[Site "?"]
[Date "2018.11.17"]
[Round "3.5"]
[White "Wetzler, Sophia"]
[Black "Umpfenbach, Carolin"]
[Result "0-1"]
[WhiteElo "1735"]
[BlackElo "2079"]
[PlyCount "144"]
[EventDate "2018.10.27"]
[EventType "team-tourn"]
[EventCountry "GER"]
[WhiteTeam "Regensburg SC Bavaria"]
[BlackTeam "Erfurt SV Medizin"]
[WhiteTeamCountry "GER"]
[BlackTeamCountry "GER"]

1. e4 e6 2. d4 d5 3. exd5 exd5 4. Nf3 Nf6 5. Bd3 Be7 6. O-O b6 7. Nbd2 O-O 8.
Re1 c5 9. c3 Ba6 10. Bxa6 Nxa6 11. Qe2 cxd4 12. Nxd4 Qc8 13. Qd3 Nc5 14. Qf3
Re8 15. Nf1 Bf8 16. Bg5 Nfe4 17. Bf4 Qa6 18. Re3 Ne6 19. Nxe6 Rxe6 20. Qh5 Rae8
21. Rh3 Nf6 22. Qf5 Re1 23. Rxe1 Rxe1 24. Qd3 Qxd3 25. Rxd3 h6 26. Bb8 a6 27.
Ba7 b5 28. Bd4 Ne4 29. f3 Nc5 30. Re3 Rb1 31. b4 Ne6 32. Be5 Rd1 33. Kf2 d4 34.
Re4 dxc3 35. Bxc3 Ng5 36. Re8 Rc1 37. Rc8 Ne6 38. Ne3 Kh7 39. a3 Bd6 40. Rc6
Bxh2 41. Ke2 Nd4+ 42. Kd2 Nxc6 43. Kxc1 g5 44. Nd5 Kg6 45. Kd2 h5 46. Ke3 Kf5
47. Kf2 Bd6 48. Nf6 h4 49. Ne4 Be7 50. Ke3 g4 51. fxg4+ Kxg4 52. Be1 f5 53.
Nf2+ Kg3 54. Nd3+ Kxg2 55. Nf4+ Kf1 56. Bf2 Bg5 57. Kf3 Ne5+ 58. Ke3 Bxf4+ 59.
Kxf4 Kxf2 60. a4 h3 61. axb5 axb5 62. Kg5 h2 63. Kf4 Nd3+ 64. Kg5 h1=Q 65. Kf6
Qh5 66. Ke6 f4 67. Kd6 Qe5+ 68. Kc6 Ke3 69. Kb6 Nb2 70. Ka5 Na4 71. Ka6 Qb8 72.
Ka5 Qb6# 0-1

[Event "FBL S"]
[Site "?"]
[Date "2018.11.17"]
[Round "3.1"]
[White "Hund, Barbara"]
[Black "Carow, Annelen"]
[Result "1-0"]
[WhiteElo "2118"]
[BlackElo "2138"]
[PlyCount "83"]
[EventDate "2018.10.27"]
[EventType "team-tourn"]
[EventCountry "GER"]
[WhiteTeam "Freiburg SK Zaehringen"]
[BlackTeam "Langen SK"]
[WhiteTeamCountry "GER"]
[BlackTeamCountry "GER"]

1. e4 c5 2. Nc3 a6 3. a4 Nc6 4. f4 e6 5. Nf3 d5 6. d3 Nf6 7. Be2 Be7 8. O-O Qc7
9. e5 Nd7 10. Bd2 f5 11. Be1 Nf8 12. Bh4 Ng6 13. Bxe7 Ncxe7 14. Qd2 d4 15. Nd1
Nd5 16. g3 Nf8 17. c3 Bd7 18. cxd4 cxd4 19. Nf2 Qb6 20. a5 Qa7 21. Rfc1 Bb5 22.
Rc2 Ng6 23. Ng5 Kd7 24. Bf3 Nge7 25. Rac1 Bc6 26. Nf7 Rhg8 27. Bg2 h6 28. Nh3
Raf8 29. Nd6 g5 30. Rc5 g4 31. Nf2 Rb8 32. Nd1 h5 33. Qf2 h4 34. Qxd4 Ra8 35.
Ne3 hxg3 36. hxg3 Qb8 37. Nxd5 Bxd5 38. Bxd5 Nxd5 39. Nxf5 Ke8 40. Nd6+ Ke7 41.
Nf5+ Kf8 42. Rxd5 1-0

[Event "FBL S"]
[Site "?"]
[Date "2018.11.17"]
[Round "3.2"]
[White "Achatz, Kirstin"]
[Black "Hund, Sarah"]
[Result "0-1"]
[WhiteElo "1963"]
[BlackElo "2041"]
[PlyCount "84"]
[EventDate "2018.10.27"]
[EventType "team-tourn"]
[EventCountry "GER"]
[WhiteTeam "Langen SK"]
[BlackTeam "Freiburg SK Zaehringen"]
[WhiteTeamCountry "GER"]
[BlackTeamCountry "GER"]

1. d4 Nf6 2. Bf4 d5 3. e3 e6 4. Nd2 c5 5. c3 Nc6 6. Bd3 Bd7 7. h3 Rc8 8. Ngf3
Qb6 9. Rb1 Be7 10. O-O Nh5 11. Bh2 g6 12. Ne5 Nxe5 13. Bxe5 O-O 14. Nf3 Bb5 15.
Bxb5 Qxb5 16. Qb3 Qd7 17. Rfd1 c4 18. Qc2 Rc6 19. g4 Nf6 20. Bxf6 Bxf6 21. Ne5
Bxe5 22. dxe5 Qc7 23. f4 b5 24. Qd2 a5 25. a3 Rb8 26. Qd4 b4 27. axb4 axb4 28.
Ra1 bxc3 29. bxc3 Rcb6 30. Ra2 Qb7 31. Rad2 Rb2 32. Kf2 Qe7 33. g5 Qa3 34. Kf3
R8b3 35. Rxb2 Qxb2 36. Qa7 Qxc3 37. Qc5 Kg7 38. Qa7 Qc2 39. Ra1 Qe4+ 40. Kf2
Rb2+ 41. Kg3 Rg2+ 42. Kh4 Qf3 0-1

[Event "FBL S"]
[Site "?"]
[Date "2018.11.17"]
[Round "3.3"]
[White "Hund, Isabel"]
[Black "Poetsch, Leonore"]
[Result "0-1"]
[WhiteElo "2051"]
[BlackElo "2005"]
[PlyCount "66"]
[EventDate "2018.10.27"]
[EventType "team-tourn"]
[EventCountry "GER"]
[WhiteTeam "Freiburg SK Zaehringen"]
[BlackTeam "Langen SK"]
[WhiteTeamCountry "GER"]
[BlackTeamCountry "GER"]

1. e4 e6 2. d3 d5 3. Nd2 Nf6 4. Ngf3 Bc5 5. e5 Nfd7 6. d4 Be7 7. Bd3 c5 8. c3
Nc6 9. Bb1 f6 10. exf6 Nxf6 11. O-O O-O 12. Re1 Qb6 13. Nb3 cxd4 14. cxd4 Bd7
15. a3 a5 16. Qd3 a4 17. Nbd2 Na5 18. Ne5 Bb5 19. Qh3 Rae8 20. Ndf3 Nb3 21. Ng5
h6 22. Nxe6 Bb4 23. Nxg7 Rxe5 24. Rxe5 Qxd4 25. Qe6+ Kxg7 26. Bxh6+ Kxh6 27.
Qh3+ Kg7 28. Qg3+ Ng4 29. Rg5+ Kf7 30. Qc7+ Be7 31. Rf5+ Nf6 32. Ba2 Nxa1 33.
Bxd5+ Kg6 0-1

[Event "FBL S"]
[Site "?"]
[Date "2018.11.17"]
[Round "3.4"]
[White "Riegel, Arinna"]
[Black "Frank, Tena"]
[Result "1/2-1/2"]
[WhiteElo "1925"]
[BlackElo "1909"]
[PlyCount "85"]
[EventDate "2018.10.27"]
[EventType "team-tourn"]
[EventCountry "GER"]
[WhiteTeam "Langen SK"]
[BlackTeam "Freiburg SK Zaehringen"]
[WhiteTeamCountry "GER"]
[BlackTeamCountry "GER"]

1. Nf3 c5 2. g3 b6 3. Bg2 Bb7 4. O-O Nf6 5. c4 e6 6. Nc3 Be7 7. b3 O-O 8. e3 d5
9. cxd5 Nxd5 10. Nxd5 Bxd5 11. Bb2 Na6 12. d4 Rc8 13. dxc5 Nxc5 14. Rc1 Bf6 15.
Bxf6 Qxf6 16. Qd4 Qe7 17. Qg4 Qb7 18. Nh4 Ne4 19. Bxe4 Bxe4 20. f3 Bc6 21. Ng2
Bxf3 22. Qh3 Rxc1 23. Rxc1 Qe4 24. Re1 g5 25. Qh6 f6 26. Rf1 g4 27. Ne1 f5 28.
Qg5+ Kh8 29. Qh6 Rf7 30. Qg5 Rd7 31. Qf6+ Kg8 32. Qg5+ Kf8 33. Qh6+ Ke8 34.
Nxf3 gxf3 35. Qh5+ Kd8 36. Qxf3 Qxf3 37. Rxf3 Rd2 38. Rf2 Rd3 39. Re2 Kd7 40.
Kf2 Kd6 41. h3 h5 42. Kf3 Ke5 43. Rc2 1/2-1/2

[Event "FBL S"]
[Site "?"]
[Date "2018.11.17"]
[Round "3.5"]
[White "Thode, Gilda"]
[Black "Flach, Helene"]
[Result "0-1"]
[WhiteElo "1942"]
[BlackElo "1849"]
[PlyCount "68"]
[EventDate "2018.10.27"]
[EventType "team-tourn"]
[EventCountry "GER"]
[WhiteTeam "Freiburg SK Zaehringen"]
[BlackTeam "Langen SK"]
[WhiteTeamCountry "GER"]
[BlackTeamCountry "GER"]

1. d4 d5 2. Nf3 Nf6 3. Bg5 e6 4. Nbd2 Be7 5. e3 Nbd7 6. c3 O-O 7. b4 b6 8. b5
Bb7 9. Qa4 Ne8 10. h4 Nd6 11. Bf4 Qc8 12. Ne5 Nxe5 13. dxe5 Ne4 14. Nxe4 dxe4
15. Be2 c6 16. Qxe4 cxb5 17. Qc2 Bxg2 18. Rg1 Be4 19. Qb2 Bxh4 20. Rg4 Be7 21.
Bg5 Bxg5 22. Rxe4 Rd8 23. Rg4 Bh6 24. Bxb5 Qc5 25. c4 Bxe3 26. f4 Bd2+ 27. Kf1
Qe3 28. Bc6 Qh3+ 29. Rg2 Bc3 30. Qb1 Rac8 31. Be4 Rxc4 32. a4 Bxa1 33. Bxh7+
Qxh7 34. Qxa1 Qh1+ 0-1

[Event "FBL S"]
[Site "?"]
[Date "2018.11.17"]
[Round "3.6"]
[White "Buchholz, Maja"]
[Black "Spiegelberg, Silvia"]
[Result "1/2-1/2"]
[WhiteElo "1365"]
[BlackElo "1893"]
[PlyCount "107"]
[EventDate "2018.10.27"]
[EventType "team-tourn"]
[EventCountry "GER"]
[WhiteTeam "Langen SK"]
[BlackTeam "Freiburg SK Zaehringen"]
[WhiteTeamCountry "GER"]
[BlackTeamCountry "GER"]

1. c4 c5 2. g3 Nf6 3. Bg2 d5 4. cxd5 Nxd5 5. Nf3 Nc6 6. b3 e5 7. d3 Be7 8. Bb2
f6 9. O-O O-O 10. Nbd2 Be6 11. Rc1 Rc8 12. Ne4 b6 13. Qd2 Qe8 14. e3 Rd8 15.
Rfd1 Ndb4 16. d4 Nxa2 17. Ra1 Bxb3 18. Rdb1 Nab4 19. Rc1 f5 20. Qc3 Bf7 21.
Neg5 Nd5 22. Qc2 e4 23. Nxf7 Qxf7 24. Nd2 Ndb4 25. Qa4 Na5 26. Bf1 Nd3 27. Rcb1
Kh8 28. Bc3 cxd4 29. Bxd4 Nc5 30. Qb5 Qe8 31. Qb2 Qg6 32. Nc4 Nxc4 33. Bxc4 a5
34. Qxb6 Qxb6 35. Rxb6 Ra8 36. Rb5 Rfc8 37. Raxa5 Rxa5 38. Rxa5 h6 39. Bxc5
Rxc5 40. Rxc5 Bxc5 41. h3 Kh7 42. Bd5 Kg6 43. g4 Kg5 44. gxf5 Kxf5 45. Kg2 g5
46. Bc6 Ke5 47. Kg3 Bb4 48. h4 gxh4+ 49. Kxh4 Be1 50. Kg3 h5 51. Bd7 Kf6 52.
Kg2 Kg5 53. Bh3 Bd2 54. Bd7 1/2-1/2

[Event "FBL S"]
[Site "?"]
[Date "2018.11.17"]
[Round "3.4"]
[White "Krasnopeyeva, Julia"]
[Black "Zimmer, Elke"]
[Result "0-1"]
[WhiteElo "1939"]
[BlackElo "1930"]
[PlyCount "74"]
[EventDate "2018.10.27"]
[EventType "team-tourn"]
[EventCountry "GER"]
[WhiteTeam "Mainz TSV Schott"]
[BlackTeam "Wadgassen SF"]
[WhiteTeamCountry "GER"]
[BlackTeamCountry "GER"]

1. e4 d6 2. d4 Nf6 3. Nc3 g6 4. Be3 Bg7 5. Qd2 Nc6 6. h3 a6 7. f4 e6 8. Nf3 d5
9. e5 Nd7 10. g4 b5 11. f5 Nb6 12. f6 Bf8 13. b3 Bb7 14. Ne2 Qd7 15. Nc1 h5 16.
gxh5 Rxh5 17. Nd3 Ba3 18. Be2 Rh8 19. Bh6 O-O-O 20. Bg7 Rh7 21. c3 Qe8 22. Ng5
Rh4 23. Bg4 b4 24. Qf2 Rxg4 25. hxg4 bxc3 26. Ke2 a5 27. Ke3 Ba6 28. Qc2 Nb4
29. Nxb4 axb4 30. Rh8 Qd7 31. Rah1 Rxh8 32. Rxh8+ Kb7 33. Rf8 Qb5 34. Rxf7 Qf1
35. Re7 Bc1+ 36. Qxc1 Qxc1+ 37. Kf3 Qxg5 0-1

[Event "FBL S"]
[Site "?"]
[Date "2018.11.17"]
[Round "3.5"]
[White "Dellert, Lena"]
[Black "Katte, Isabel"]
[Result "0-1"]
[WhiteElo "1891"]
[BlackElo "1903"]
[PlyCount "70"]
[EventDate "2018.10.27"]
[EventType "team-tourn"]
[EventCountry "GER"]
[WhiteTeam "Wadgassen SF"]
[BlackTeam "Mainz TSV Schott"]
[WhiteTeamCountry "GER"]
[BlackTeamCountry "GER"]

1. e4 e6 2. d4 b6 3. Nf3 Bb7 4. Bd3 Nf6 5. Qe2 Bb4+ 6. c3 Be7 7. O-O d6 8. c4
c5 9. e5 dxe5 10. dxe5 Nfd7 11. Nc3 Nc6 12. Rd1 Qc7 13. Bf4 a6 14. Bg3 Nd4 15.
Nxd4 cxd4 16. Nd5 Qc6 17. Be4 exd5 18. cxd5 Qc8 19. d6 Bd8 20. e6 fxe6 21. Bxb7
Qxb7 22. Qxe6+ Kf8 23. Rxd4 Bf6 24. Rc4 Nc5 25. Qf5 Qf7 26. Rf4 Ne6 27. Re4
Bxb2 28. Qd5 Rd8 29. Rae1 Nc5 30. Rf4 Bf6 31. Qc6 Nd3 32. Re7 Qxa2 33. Rfe4
Qa1+ 34. Re1 Nxe1 35. f3 Nd3+ 0-1

[Event "FBL S"]
[Site "?"]
[Date "2018.11.17"]
[Round "3.6"]
[White "Zemke, Christine"]
[Black "Leinenbach, Janine"]
[Result "1/2-1/2"]
[WhiteElo "1704"]
[BlackElo "1742"]
[PlyCount "35"]
[EventDate "2018.10.27"]
[EventType "team-tourn"]
[EventCountry "GER"]
[WhiteTeam "Mainz TSV Schott"]
[BlackTeam "Wadgassen SF"]
[WhiteTeamCountry "GER"]
[BlackTeamCountry "GER"]

1. d4 Nf6 2. e3 e6 3. Bd3 d5 4. Nd2 c5 5. c3 Nc6 6. f4 Be7 7. Ngf3 O-O 8. Ne5
Bd7 9. O-O Be8 10. Qf3 Nd7 11. Qh3 f5 12. g4 g6 13. g5 Ndxe5 14. dxe5 c4 15.
Bc2 Bc5 16. Nf3 Qc7 17. Nd4 Nxd4 18. exd4 1/2-1/2

[Event "FBL S"]
[Site "?"]
[Date "2018.11.18"]
[Round "4.1"]
[White "Troyke, Doreen"]
[Black "Woniak, Katarzyna"]
[Result "1-0"]
[WhiteElo "2069"]
[BlackElo "1944"]
[PlyCount "113"]
[EventDate "2018.10.27"]
[EventType "team-tourn"]
[EventCountry "GER"]
[WhiteTeam "Erfurt SV Medizin"]
[BlackTeam "Augsburg SG"]
[WhiteTeamCountry "GER"]
[BlackTeamCountry "GER"]

1. c4 e6 2. g3 d5 3. Nf3 c6 4. cxd5 exd5 5. Bg2 Bd6 6. b3 Nf6 7. Bb2 Nbd7 8.
Nc3 Nf8 9. Qc2 Ne6 10. O-O O-O 11. d4 Nh5 12. e4 dxe4 13. Nxe4 Be7 14. Rfd1 f5
15. Nc3 Nc7 16. Ne5 Nd5 17. Nxd5 cxd5 18. Qe2 Nf6 19. Rac1 Ne4 20. f3 Ng5 21.
Nd3 Bf6 22. Nf4 Qd6 23. Rc5 Ne6 24. Nxe6 Bxe6 25. f4 Rac8 26. Ba3 Qd7 27. Qxe6+
Qxe6 28. Bxd5 Qxd5 29. Rxd5 Rfe8 30. Rd2 Rcd8 31. Rxd8 Rxd8 32. d5 Rd7 33. Kf2
Kf7 34. Ke3 Be7 35. Bxe7 Kxe7 36. Kd4 Kf6 37. Re2 Kf7 38. Re6 Kf8 39. Ke5 Kf7
40. d6 g6 41. h4 Kf8 42. Rf6+ Ke8 43. Ke6 Rg7 44. h5 gxh5 45. Rxf5 b6 46. Rxh5
Rxg3 47. Rxh7 Re3+ 48. Kd5 Rd3+ 49. Kc6 Rc3+ 50. Kb7 Rc2 51. Kxa7 Rxa2+ 52.
Kxb6 Rb2 53. Kc6 Rc2+ 54. Kd5 Rd2+ 55. Ke5 Re2+ 56. Kf6 Re3 57. Re7+ 1-0

[Event "FBL S"]
[Site "?"]
[Date "2018.11.18"]
[Round "4.2"]
[White "Amelang, Astrid"]
[Black "Nguyen, Ha Thanh"]
[Result "1/2-1/2"]
[WhiteElo "2077"]
[BlackElo "1887"]
[PlyCount "44"]
[EventDate "2018.10.27"]
[EventType "team-tourn"]
[EventCountry "GER"]
[WhiteTeam "Augsburg SG"]
[BlackTeam "Erfurt SV Medizin"]
[WhiteTeamCountry "GER"]
[BlackTeamCountry "GER"]

1. f4 d5 2. Nf3 Nf6 3. e3 g6 4. b3 Bg7 5. Bb2 O-O 6. Be2 c5 7. O-O Nc6 8. Qe1
d4 9. Bd1 b6 10. Na3 Bb7 11. Nc4 Nd5 12. exd4 cxd4 13. Nfe5 Nxe5 14. Nxe5 Nb4
15. d3 Nc6 16. Bf3 Rc8 17. Bxc6 Bxc6 18. Qf2 Ba8 19. Rac1 Qd5 20. Bxd4 Rcd8 21.
Bc3 Bf6 22. d4 Bh4 1/2-1/2

[Event "FBL S"]
[Site "?"]
[Date "2018.11.18"]
[Round "4.3"]
[White "Mueller Ludwig, Kristin"]
[Black "Braun, Kristin"]
[Result "1-0"]
[WhiteElo "2007"]
[BlackElo "1909"]
[PlyCount "53"]
[EventDate "2018.10.27"]
[EventType "team-tourn"]
[EventCountry "GER"]
[WhiteTeam "Erfurt SV Medizin"]
[BlackTeam "Augsburg SG"]
[WhiteTeamCountry "GER"]
[BlackTeamCountry "GER"]

1. e4 c5 2. Nf3 d6 3. d4 cxd4 4. Nxd4 Nf6 5. Nc3 g6 6. Be3 Bg7 7. f3 Nc6 8. Qd2
Bd7 9. g4 Rc8 10. h4 h6 11. O-O-O a6 12. Rg1 b5 13. g5 hxg5 14. hxg5 Nh5 15.
Nd5 e6 16. Nxc6 Rxc6 17. Nb4 Qa5 18. a3 Bc3 19. bxc3 Qxa3+ 20. Kb1 Rxc3 21.
Qxd6 Rxe3 22. Qb8+ Ke7 23. Rxd7+ Kxd7 24. Bxb5+ axb5 25. Rd1+ Ke7 26. Qd6+ Ke8
27. Qd8# 1-0

[Event "FBL S"]
[Site "?"]
[Date "2018.11.18"]
[Round "4.4"]
[White "Nentwig, Nicole"]
[Black "Anisheva, Varvara"]
[Result "1/2-1/2"]
[WhiteElo "1850"]
[BlackElo "2095"]
[PlyCount "93"]
[EventDate "2018.10.27"]
[EventType "team-tourn"]
[EventCountry "GER"]
[WhiteTeam "Augsburg SG"]
[BlackTeam "Erfurt SV Medizin"]
[WhiteTeamCountry "GER"]
[BlackTeamCountry "GER"]

1. g3 Nf6 2. Bg2 d5 3. d4 c6 4. Nf3 Bf5 5. O-O g6 6. Nh4 Bd7 7. Nc3 Bg7 8. Re1
O-O 9. e4 dxe4 10. Nxe4 Nxe4 11. Bxe4 e6 12. c3 f5 13. Bc2 Na6 14. Ng2 Re8 15.
Bf4 Kh8 16. h4 c5 17. dxc5 Nxc5 18. Qd6 Qb6 19. Qxb6 axb6 20. Bc7 b5 21. Be5
Bc6 22. Nf4 Ne4 23. Bxg7+ Kxg7 24. Bxe4 Bxe4 25. f3 Bxf3 26. Rxe6 Rxe6 27.
Nxe6+ Kf6 28. Ng5 Bd5 29. Nxh7+ Kg7 30. Ng5 Rxa2 31. Rxa2 Bxa2 32. Kf2 Kf6 33.
Ke3 Ke5 34. Nf3+ Kd5 35. Nd4 Kc4 36. Kf4 b4 37. Nxf5 bxc3 38. Ne3+ Kd3 39. bxc3
Kxc3 40. g4 b5 41. h5 gxh5 42. gxh5 Bg8 43. h6 Kd4 44. Nf5+ Kd3 45. Ne7 Bh7 46.
Nd5 Kd4 47. Nb4 1/2-1/2

[Event "FBL S"]
[Site "?"]
[Date "2018.11.18"]
[Round "4.5"]
[White "Reuter, Elisa"]
[Black "Lorenz, Oda"]
[Result "1-0"]
[WhiteElo "1853"]
[BlackElo "1818"]
[PlyCount "67"]
[EventDate "2018.10.27"]
[EventType "team-tourn"]
[EventCountry "GER"]
[WhiteTeam "Erfurt SV Medizin"]
[BlackTeam "Augsburg SG"]
[WhiteTeamCountry "GER"]
[BlackTeamCountry "GER"]

1. e4 e5 2. Nf3 Nc6 3. Bc4 Bc5 4. c3 Nf6 5. d3 O-O 6. O-O h6 7. Nbd2 d6 8. a4
a6 9. h3 Ne7 10. Re1 Ng6 11. Nf1 Bd7 12. Bd2 b5 13. Bb3 c6 14. d4 Bb6 15. Ng3
Qc7 16. Nf5 Rae8 17. dxe5 Nxe5 18. Nxe5 Rxe5 19. Ng3 Qa7 20. Qf3 Be6 21. Bc2
Nh7 22. Bf4 Ng5 23. Bxg5 Rxg5 24. Nf5 Rd8 25. a5 Bxf2+ 26. Qxf2 Qd7 27. Rad1 d5
28. exd5 cxd5 29. Rf1 Rc8 30. Rd4 Rc4 31. Rxc4 dxc4 32. Rd1 Qb7 33. Rd8+ Kh7
34. Nd6+ 1-0